Espacio Torner / (Record no. 106766)

MARC details
000 -LEADER
campo de control de longitud fija 00806nam a2200253 i 4500
001 - NÚMERO DE CONTROL
campo de control 106766
003 - IDENTIFICADOR DE NÚMERO DE CONTROL
campo de control ES-MaACL
005 - FECHA Y HORA DE LA ÚLTIMA TRANSACCIÓN
campo de control 20250411233620.0
007 - CAMPO FIJO DE DESCRIPCIÓN FÍSICA--INFORMACIÓN GENERAL
campo de control de longitud fija t|
008 - DATOS DE LONGITUD FIJA--INFORMACIÓN GENERAL
campo de control de longitud fija 061222s2006 sp ||||1| spa d
020 ## - NÚMERO INTERNACIONAL ESTÁNDAR DEL LIBRO
Número Internacional Estándar del Libro 84-87319-15-7
080 ## - NÚMERO DE LA CLASIFICACIÓN DECIMAL UNIVERSAL
Número de la Clasificación Decimal Universal 75 Torner, Gustavo
080 ## - NÚMERO DE LA CLASIFICACIÓN DECIMAL UNIVERSAL
Número de la Clasificación Decimal Universal 73 Torner, Gustavo
100 1# - ENTRADA PRINCIPAL--NOMBRE DE PERSONA
Nombre de persona Sagastibelza, Arturo.
9 (RLIN) 101423
245 10 - MENCIÓN DEL TÍTULO
Título Espacio Torner /
Mención de responsabilidad, etc. texto, Arturo Sagastibelza ; fotografías, Santiago Torralba y Gustavo Torner.
260 ## - PUBLICACIÓN, DISTRIBUCIÓN, ETC.
Lugar de publicación, distribución, etc. [Cuenca] :
Nombre del editor, distribuidor, etc. Fundación Torner,
Fecha de publicación, distribución, etc. [2006]
300 ## - DESCRIPCIÓN FÍSICA
Extensión 69 p. :
Otras características físicas il. col. ;
Dimensiones 34 cm.
600 17 - PUNTO DE ACCESO ADICIONAL DE MATERIA--NOMBRE DE PERSONA
Nombre de persona Torner, Gustavo,
Fechas asociadas al nombre 1925-
Fuente del encabezamiento o término
9 (RLIN) 167208
700 1# - ENTRADA AGREGADA--NOMBRE PERSONAL
Nombre de persona Torralba, Santiago.
9 (RLIN) 110713
700 1# - ENTRADA AGREGADA--NOMBRE PERSONAL
Nombre de persona Torner, Gustavo,
Fechas asociadas al nombre 1925-
9 (RLIN) 167208
710 2# - ENTRADA AGREGADA--NOMBRE DE ENTIDAD CORPORATIVA
Nombre de entidad corporativa o nombre de jurisdicción como elemento de entrada Fundación Torner.
9 (RLIN) 4423
852 ## - LOCALIZACIÓN
Ubicación ES-MaACL
Número de control de estantería B-7749
Holdings
Estatus retirado Estado de pérdida Estado de daño No para préstamo Biblioteca de origen Biblioteca actual Ubicación en estantería Fecha de adquisición Fuente de adquisición Total de préstamos Signatura topográfica completa Código de barras Visto por última vez Precio de reemplazo Tipo de ítem Koha
        Biblioteca del Ateneo de Madrid Biblioteca del Ateneo de Madrid Sala Pardo Bazán 17/01/2008     B-7749 1111444 23/02/2023 23/02/2023 Libro impreso